[Event "Elista ol (Men)"]
[Site "Elista"]
[Date "1998.10.03"]
[Round "5"]
[White "Nikolic, Predrag"]
[Black "Krasenkow, Michal"]
[Result "1/2-1/2"]
[WhiteElo "2640"]
[BlackElo "2655"]

1.d4 Nf6 2.Nf3 g6 3.g3 Bg7 4.Bg2 d5 5.O-O c6 6.b3 O-O 7.c4 c5 8.Bb2 cxd4
9.cxd5 Nxd5 10.Bxd4 Nf6 11.Bb2 Qa5 12.Na3 Nc6 13.Qc1 Bf5 14.Nc4 Qa6 15.Nfe5 Nxe5
16.Bxe5 Rac8 17.Qb2 Be6 18.a4 Ne8 19.Bxg7 Nxg7 20.Ne5 Rfd8 21.Rfc1 Rxc1+
22.Rxc1 Nf5 23.e3 Qb6 24.Nc4 Qb4 25.Bf1 a6 26.h3 h5 27.Kh2 h4 28.g4 Nd6 29.Rd1 Rd7
30.Rd4 Qc5 31.Nxd6 Rxd6 32.b4 Qe5+ 33.Kg1 Bd7 34.a5 Bc6 35.Bg2 Bxg2  1/2-1/2

[Event "Elista ol (Men)"]
[Site "Elista"]
[Date "1998.10.05"]
[Round "7"]
[White "Hatanbaatar, Bazar"]
[Black "Nikolic, Predrag"]
[Result "1-0"]
[WhiteElo "2440"]
[BlackElo "2640"]

1.e4 e5 2.Nf3 Nc6 3.Bb5 a6 4.Ba4 Nf6 5.O-O Be7 6.Re1 b5 7.Bb3 d6 8.c3 O-O
9.h3 Na5 10.Bc2 c5 11.d4 Qc7 12.Nbd2 cxd4 13.cxd4 Nc6 14.Nb3 a5 15.Be3 a4
16.Nbd2 Bd7 17.Rc1 Qb7 18.Nf1 a3 19.b3 Nb4 20.Bb1 d5 21.dxe5 Nxe4 22.Ng3 Nxg3
23.fxg3 Rfe8 24.Qd2 Rac8 25.Kh2 g6 26.Bg5 Rxc1 27.Bxe7 Rxe7 28.Rxc1 Na6 29.Qh6 Qb6
30.Ng5 f5 31.Nf3 Nc7 32.Qh4 Re8 33.Ng5 h5 34.Nf3 d4 35.Rd1 Nd5 36.Rxd4 Be6
37.Qg5 Kg7 38.Bxf5 Bxf5 39.Rxd5 Rf8 40.Nd4  1-0

[Event "Elista ol (Men)"]
[Site "Elista"]
[Date "1998.10.06"]
[Round "8"]
[White "Nikolic, Predrag"]
[Black "Spraggett, Kevin"]
[Result "1-0"]
[WhiteElo "2640"]
[BlackElo "2560"]

1.d4 Nf6 2.c4 e6 3.Nf3 b6 4.g3 Ba6 5.Nbd2 Bb4 6.Qc2 Bb7 7.Bg2 Be4 8.Qb3 Bxd2+
9.Bxd2 O-O 10.O-O d6 11.Rfd1 Nbd7 12.Rac1 Re8 13.Bh3 h6 14.Be3 c5 15.dxc5 Nxc5
16.Qc3 Qe7 17.b4 Nb7 18.Nd4 Rec8 19.Qd2 d5 20.f3 Bh7 21.cxd5 Nxd5 22.b5 Nxe3
23.Qxe3 Rxc1 24.Rxc1 Nc5 25.Nc6 Qc7 26.Bg2 a6 27.f4 Re8 28.a4 axb5 29.a5 Na4
30.a6 Nc5 31.a7 Kh8 32.Qe5  1-0

[Event "Elista ol (Men)"]
[Site "Elista"]
[Date "1998.10.07"]
[Round "9"]
[White "Miladinovic, Igor"]
[Black "Nikolic, Predrag"]
[Result "0-1"]
[WhiteElo "2555"]
[BlackElo "2640"]

1.d4 d5 2.c4 dxc4 3.e3 e6 4.Bxc4 Nf6 5.Nc3 a6 6.Qf3 Bd6 7.Nge2 Nc6 8.h3 Qe7
9.O-O e5 10.Ng3 exd4 11.exd4 Nxd4 12.Qd3 Nc6 13.Bg5 Ne5 14.Qc2 Nxc4 15.Nd5 Qd8
16.Nh5 Bh2+ 17.Kxh2 Qxd5 18.Rfe1+ Kf8 19.Nxf6 Qd6+ 20.f4 Be6 21.Rad1 Qc6
22.f5 gxf6 23.Bxf6 Rg8 24.fxe6 fxe6 25.Qf2 Rg6 26.Rf1 Kg8 27.Bc3 Nd6 28.g3 Qe8
29.Rde1 Nf7 30.Qe3 Rd8 31.Bf6 Rd6 32.g4 e5 33.g5 Qd7 34.Rf3 Rd2+ 35.Re2 Nxg5
36.Qb3+ Qd5 37.Qxd5+ Rxd5 38.Rf5 Nf7 39.Ref2 Nh6 40.Rxe5 Ng4+ 41.hxg4 Rxf6
42.Re8+ Kf7 43.Rfe2 Rf2+ 44.Rxf2+ Kxe8 45.Kg3 h6 46.Kf4 Ke7 47.Rh2 Rd6 48.Ke5 a5
49.Rc2 Kd7 50.Rf2 b5 51.Rf7+ Kc6 52.Rh7 a4 53.a3 Kb6 54.Rh8 Kc5 55.Rh7 Rc6
56.Rd7 Kb6 57.Rh7 Rd6 58.Rh8 Rg6 59.Kf5 Rc6 60.Ke4 Kc5 61.Kd3 b4 62.Ra8 Rd6+
63.Kc2 b3+ 64.Kc3 Kb5 65.Rb8+ Rb6 66.Ra8 c5 67.Rg8 Rf6 68.Rb8+ Kc6 69.Rc8+ Kb6
70.Rb8+ Kc7 71.Ra8 Rf4 72.Ra7+ Kb6 73.Rh7 Rf2 74.Rxh6+ Kb5 75.g5 Rc2+ 76.Kd3 Rxb2
77.g6 Rg2 78.Kc3 Rg3+ 79.Kd2 c4 80.Ke2 c3  0-1

[Event "Elista ol (Men)"]
[Site "Elista"]
[Date "1998.10.10"]
[Round "11"]
[White "Nikolic, Predrag"]
[Black "Ivanchuk, Vassily"]
[Result "0-1"]
[WhiteElo "2640"]
[BlackElo "2730"]

1.d4 Nf6 2.c4 c5 3.d5 b5 4.cxb5 a6 5.bxa6 g6 6.e3 Bg7 7.Nc3 Qa5 8.Bd2 O-O
9.Ne4 Qb6 10.Qb3 Qxb3 11.Nxf6+ Bxf6 12.axb3 Bxa6 13.Ne2 Bxb2 14.Ra2 Bg7 15.Nc3 Bxc3
16.Bxc3 Bxf1 17.Rxa8 Bxg2 18.Rg1 Bxd5 19.Ra3 Nc6 20.Kd2 f6 21.Rga1 Kf7 22.Ra4 Bxb3
23.Ra8 Rxa8 24.Rxa8 g5 25.e4 h5 26.Bb2 e5 27.Ke3 Be6 28.Rc8 c4 29.Ba3 Ne7
30.Rb8 Ng6 31.Bd6 h4 32.Ra8 g4 33.Rc8 Nf4 34.Rb8 h3 35.Ra8 Nh5 36.Rf8+ Kg7
37.Rb8 Kg6 38.Ra8 Kg5 39.Ra5 Kg6 40.Rb5 Kf7 41.Rb8 Kg7 42.Ra8 Kg6 43.Ra5 Nf4
44.f3 Ng2+ 45.Kf2 gxf3 46.Kxf3 Ne1+ 47.Ke2 Nc2 48.Rc5 Kg5 49.Kf3 Nd4+ 50.Ke3 Kg4
51.Rc8 f5 52.Bxe5 d6 53.Bxd4 f4+ 54.Ke2 Bxc8 55.Bc3 Bb7 56.Bb4 Bxe4 57.Bxd6 Bd3+
58.Kd2 Kf3 59.Bc7 Bg6 60.Be5 Bf5 61.Bd6 c3+ 62.Kxc3 Ke3  0-1

[Event "Elista ol (Men)"]
[Site "Elista"]
[Date "1998.10.11"]
[Round "12"]
[White "Yurtaev, Leonid"]
[Black "Nikolic, Predrag"]
[Result "1/2-1/2"]
[WhiteElo "2540"]
[BlackElo "2640"]

1.e4 e6 2.d4 d5 3.Nc3 Bb4 4.e5 c5 5.a3 Bxc3+ 6.bxc3 Qa5 7.Bd2 Qa4 8.Nf3 Ne7
9.Qb1 c4 10.h4 Nbc6 11.h5 h6 12.g4 Bd7 13.Nh4 O-O-O 14.Qb2 Rdg8 15.Bh3 g6
16.hxg6 fxg6 17.O-O-O g5 18.Ng2 Be8 19.f4 Bg6 20.Rhf1 Be4 21.Rde1 Nd8 22.Rf2 Kb8
23.Ne3 Ng6 24.f5 Nf4 25.Bf1 h5 26.fxe6 Ndxe6 27.gxh5 Rc8 28.Qb4 Qc6 29.Ng4 Rxh5
30.Qd6+ Qxd6 31.exd6 Rhh8 32.Nf6 Rhd8 33.d7 Rc6 34.Rh2 Nc5 35.Nxd5 Bxd5 36.dxc5 Re6
37.Rd1 Bc6 38.Rh7 Re4 39.Bg2 Nxg2 40.Bxg5 Rxd7 41.Rdxd7 Bxd7 42.Rxd7 Kc8
43.c6 bxc6 44.Rxa7 Nf4 45.Bf6 Kb8 46.Rh7 Nd5 47.Bd4 Re7 48.Rh4 Kb7 49.Bc5 Re5
50.Rh7+ Kc8 51.Bd4 Re7 52.Rh8+ Kb7 53.Kd2 Rd7 54.Rh4 Ka6 55.Kc1 Kb5 56.Rh8 c5
57.Be5 Nb6 58.Bf6 Kc6 59.Rg8 Rd6 60.Bg5 Rd7 61.Re8 Nd5 62.Bd2 Nb6 63.Re6+ Rd6
64.Re4 Rd7 65.Be3 Kb5 66.Re6 Na4 67.Re5 Kc6  1/2-1/2

[Event "Elista ol (Men)"]
[Site "Elista"]
[Date "1998.10.12"]
[Round "13"]
[White "Nikolic, Predrag"]
[Black "Fominyh, Alexander"]
[Result "1-0"]
[WhiteElo "2640"]
[BlackElo "2530"]

1.d4 d5 2.c4 dxc4 3.e4 Nf6 4.e5 Nd5 5.Bxc4 Nc6 6.Ne2 Bf5 7.a3 e6 8.O-O Be7
9.Nbc3 Nb6 10.Ba2 O-O 11.Be3 Qd7 12.Ng3 Bg6 13.f4 h6 14.d5 exd5 15.f5 d4
16.fxg6 dxe3 17.Qh5 Qd4 18.Nf5 Qxe5 19.Nxh6+ gxh6 20.Qxh6  1-0

[Event "NRW-Liga 9798"]
[Site "Germany"]
[Date "1998.??.??"]
[Round "5.1"]
[White "Nikolic, Predrag"]
[Black "Odendahl, Reiner"]
[Result "1-0"]
[WhiteElo "2635"]
[BlackElo "2325"]

1.d4 Nf6 2.c4 g6 3.Nf3 Bg7 4.g3 O-O 5.Bg2 d6 6.O-O Nc6 7.Nc3 Bf5 8.b3 Ne4
9.Bb2 Nxc3 10.Bxc3 Be4 11.Rc1 d5 12.e3 a5 13.Ne1 Bxg2 14.Nxg2 Re8 15.cxd5 Qxd5
16.Nf4 Qd6 17.Qe2 a4 18.b4 e6 19.Rfd1 Ne7 20.Nd3 Qa6 21.Be1 c6 22.Rc2 Red8
23.Rb1 Rd5 24.Rc5 b6 25.b5 Qa7 26.Rxd5 cxd5 27.Rc1 Qd7 28.Bb4 Rc8 29.Rxc8+ Nxc8
30.Qc2 Na7 31.Qxa4 h5 32.Bc5 bxc5 33.Nxc5 Qc7 34.b6 Qxb6 35.Qe8+ Kh7 36.Qxf7 Qb1+
37.Kg2 Nb5 38.Nxe6 Qe4+ 39.f3 Qc2+ 40.Kh3 Qf5+ 41.Qxf5 gxf5 42.a4 Nc3 43.Nxg7 Kxg7
44.a5 Nb5 45.a6 Kg6 46.Kh4 Kh6 47.g4 hxg4 48.fxg4 Kg6 49.Kg3 Na7 50.Kf4 fxg4
51.Kxg4 Nc6 52.Kf4 Kf6 53.h4 Kg6 54.e4  1-0

[Event "NRW-Liga 9798"]
[Site "Germany"]
[Date "1998.??.??"]
[Round "8.1"]
[White "Nikolic, Predrag"]
[Black "Roeder, Mathias"]
[Result "1-0"]
[WhiteElo "2635"]
[BlackElo "2435"]

1.d4 Nf6 2.c4 e6 3.Nf3 b6 4.g3 Ba6 5.Nbd2 d5 6.Bg2 Bd6 7.O-O O-O 8.b3 Bb7
9.Bb2 Na6 10.Rc1 Qe7 11.Qc2 Rac8 12.Rfd1 c5 13.dxc5 Bxc5 14.Qb1 Ba3 15.Ne5 Bxb2
16.Qxb2 Nc5 17.b4 Ncd7 18.Nd3 dxc4 19.Bxb7 Rb8 20.Nxc4 Rxb7 21.Qd4 Rc7 22.Qd6 Qxd6
23.Nxd6 Rxc1 24.Rxc1 a5 25.bxa5 bxa5 26.Rc7 Ra8 27.e4 Nb6 28.Ne5 Ne8 29.Nxe8 Rxe8
30.Nxf7 Rc8 31.Rxc8+ Nxc8 32.Nd8 e5 33.Nc6 Nd6 34.f3 Nc4 35.Kf2 Kf7 36.Ke2 Ke6
37.Kd3 Nb2+ 38.Kc2 Nc4 39.Kc3 Ne3 40.Kd3 Nf1 41.Ke2 Nxh2 42.Kf2 a4 43.Nb4 h5
44.Kg2 Nxf3 45.Kxf3 Kd6 46.Nd3 a3 47.Nb4 Kc5 48.Nc2 g5 49.Nxa3 h4 50.Nc2 Kc4
51.Ne3+ Kd3 52.gxh4 gxh4 53.a4 Kd4 54.Nf5+  1-0

[Event "Bundesliga 9899"]
[Site "Germany"]
[Date "1999.01.09"]
[Round "7.3"]
[White "Nikolic, Predrag"]
[Black "Koehn, Peter"]
[Result "1-0"]
[WhiteElo "2629"]
[BlackElo "2350"]

1.d4 Nf6 2.Nf3 e6 3.g3 d5 4.Bg2 Be7 5.O-O O-O 6.c4 c6 7.b3 Nbd7 8.Bb2 b6
9.Nc3 Ba6 10.Nd2 Rc8 11.e4 dxe4 12.Ndxe4 c5 13.d5 exd5 14.Nxd5 Nxd5 15.Qxd5 Qc7
16.Rfe1 Bb7 17.Qh5 Bxe4 18.Bxe4 h6 19.Bh7+ Kxh7 20.Rxe7  1-0

[Event "DPMM 9899"]
[Site "Lippstadt"]
[Date "1999.01.24"]
[Round "?"]
[White "Bangiev, Alexander"]
[Black "Nikolic, Predrag"]
[Result "1-0"]
[WhiteElo "2395"]
[BlackElo "2640"]

1.e4 e6 2.d4 d5 3.e5 c5 4.c3 Nc6 5.Nf3 Bd7 6.Be2 Nge7 7.Na3 Ng6 8.Nc2 Be7
9.O-O O-O 10.Rb1 a5 11.Be3 cxd4 12.cxd4 Qb6 13.a3 a4 14.Bd3 Na5 15.Qe2 Nb3
16.h4 Rfc8 17.h5 Nf8 18.Nh2 Kh8 19.Ng4 Be8 20.Rfd1 Rc7 21.Qf3 Rac8 22.Nf6 Bb5
23.Bxb5 Qxb5 24.Ne1 Bd8 25.Qg4 gxf6 26.Bh6 Ng6 27.hxg6 fxg6 28.Qxe6 Qc6 29.Qh3 Qd7
30.Qf3 Qe6 31.Qf4 g5 32.Qh2 Rf7 33.exf6 Bxf6 34.Nf3 Rg8 35.Qh5 Bd8 36.Re1 Qf5
37.Rbd1 g4 38.Qxf5 Rxf5 39.Ne5 g3 40.fxg3 Bb6 41.g4 Nxd4 42.gxf5 Nxf5+ 43.Kh1 Nxh6
44.Rxd5 Rg5 45.Rd3 Kg8 46.Re4 Bc7 47.Nf3 Rh5+ 48.Rh4 Rxh4+ 49.Nxh4 Be5 50.Rd8+ Kf7
51.Rd7+ Ke6 52.Rxb7  1-0

[Event "Bundesliga 9899"]
[Site "Germany"]
[Date "1999.01.31"]
[Round "9.3"]
[White "Nikolic, Predrag"]
[Black "Georgiev, Vladimir"]
[Result "1/2-1/2"]
[WhiteElo "2629"]
[BlackElo "2508"]

1.d4 Nf6 2.c4 d6 3.Nf3 g6 4.g3 Bg7 5.Bg2 O-O 6.O-O c6 7.b3 Qa5 8.Qd2 Qh5
9.Nc3 Re8 10.e4 c5 11.dxc5 dxc5 12.Bb2 Nc6 13.Rae1 Bh6 14.Qd3 Bh3 15.Nd5 Ng4
16.Qe2 Rad8 17.Nh4 Bxg2 18.Kxg2 Bg7 19.h3 Nf6 20.Nxf6+ Bxf6 21.Qxh5 gxh5
22.Bxf6 exf6 23.Rd1 Rxd1 24.Rxd1 Nd4 25.b4 b6 26.bxc5 bxc5 27.Rb1 Rxe4 28.Rb7 a6
29.Rc7 Re5 30.Nf3 Re2 31.Rxc5 Nxf3 32.Kxf3 Rxa2 33.Rxh5 Rc2 34.Ra5 Rc3+ 35.Kg2 Rxc4
36.Rxa6  1/2-1/2

[Event "Amber Blindfold"]
[Site "Monte Carlo"]
[Date "1999.03.16"]
[Round "1"]
[White "Nikolic, Predrag"]
[Black "Ivanchuk, Vassily"]
[Result "1-0"]
[WhiteElo "2633"]
[BlackElo "2714"]

1.d4 Nf6 2.c4 e6 3.Nf3 d5 4.Nc3 dxc4 5.Qa4+ c6 6.Qxc4 b5 7.Qd3 Bb7 8.e4 b4
9.Na4 Nbd7 10.Be2 Qa5 11.b3 c5 12.e5 Ne4 13.Be3 Rd8 14.Qb5 Qxb5 15.Bxb5 cxd4
16.Bxd4 a6 17.Bxd7+ Rxd7 18.Rc1 Be7 19.Ke2 Nd2 20.Be3 Nxf3 21.gxf3 a5 22.Nc5 Bc6
23.Nxd7  1-0

[Event "Amber Blindfold"]
[Site "Monte Carlo"]
[Date "1999.03.17"]
[Round "2"]
[White "Piket, Jeroen"]
[Black "Nikolic, Predrag"]
[Result "1-0"]
[WhiteElo "2619"]
[BlackElo "2633"]

1.Nf3 Nf6 2.c4 e6 3.Nc3 Bb4 4.g4 h6 5.Rg1 b6 6.h4 Bb7 7.g5 hxg5 8.hxg5 Nh5
9.e3 Qe7 10.Nb5 d5 11.a3 Bd6 12.cxd5 exd5 13.g6 Nc6 14.gxf7+ Qxf7 15.Nxd6+ cxd6
16.Ng5 Qe7 17.d4 O-O-O 18.Bd2 Kb8 19.Be2 Nf6 20.Qa4 Rc8 21.Rc1 Rc7 22.Rc3 Ne4
23.Nxe4 Qxe4 24.Kd1 Qb1+ 25.Rc1 Qf5 26.f3 Rh2 27.Qb5 Qh5 28.Rc3 Qf7 29.Qd3 Na5
30.Rxc7 Qxc7 31.Bxa5 bxa5 32.Qc3 Bc6 33.b3 Qb7 34.Re1 Bb5 35.a4 Ba6 36.f4 Bxe2+
37.Rxe2 Rh1+ 38.Kc2 Qa6 39.Qd2 Qc8+ 40.Kb2 Qf5 41.Re1 Rxe1 42.Qxe1 Qd3 43.Qxa5 Qxe3
44.Qd8+ Kb7 45.Qd7+ Kb8 46.Qxd6+ Kc8 47.Qf8+ Kc7 48.Qxg7+ Kb6 49.Qf6+ Kb7
50.Qe5 Qd2+ 51.Ka3 Qc1+ 52.Kb4 Qc6 53.Qe7+ Ka6 54.Qc5  1-0

[Event "Amber Rapidplay"]
[Site "Monte Carlo"]
[Date "1999.03.17"]
[Round "2"]
[White "Nikolic, Predrag"]
[Black "Piket, Jeroen"]
[Result "0-1"]
[WhiteElo "2633"]
[BlackElo "2619"]

1.Nf3 Nf6 2.c4 c5 3.g3 d5 4.cxd5 Nxd5 5.Bg2 Nb4 6.O-O N4c6 7.e3 Qd3 8.b3 Bg4
9.h3 Bh5 10.Bb2 Nd7 11.Nc3 e6 12.g4 Bg6 13.Ne1 Qa6 14.f4 f6 15.Qe2 Qxe2 16.Nxe2 Rc8
17.Rc1 Bd6 18.f5 exf5 19.gxf5 Bf7 20.Nd3 O-O 21.Nc3 b6 22.Nb5 Bb8 23.Nf4 a6
24.Nc3 Bxf4 25.exf4 Nd4 26.Be4 Rfe8 27.Kf2 Rcd8 28.Rg1 c4 29.b4 Nf8 30.Rcd1 Kh8
31.Bc1 Nb5 32.Rde1 Nd6 33.Bc2 b5 34.Re3 Nd7 35.Rge1 Nb8 36.a3 Nc6 37.Ne2 Kg8
38.Rg3 Re7 39.Reg1 Ne8 40.d3 Kf8 41.dxc4 Bxc4 42.Nc3 Nd4 43.Bb1 Ne2 44.Nxe2 Rxe2+
45.Kf3 Rh2 46.Be4 Be2+ 47.Ke3 Nd6 48.R3g2 Rxg2 49.Rxg2 Re8 50.Kxe2 Rxe4+
51.Kd3 Rc4 52.Be3 Nxf5 53.Bd2 Kf7 54.Rg1 h5 55.Ra1 Rd4+ 56.Kc3 Rc4+ 57.Kd3 Ne7
58.Re1 Nd5 59.Re4 Nb6 60.f5 Rxe4 61.Kxe4 Nc4 62.Bc1 Nd6+ 63.Kd5 Nxf5 64.Kc6 g5
65.Kb6 g4 66.hxg4 hxg4 67.Kxa6 g3 68.Bf4 Ke6 69.Bxg3 Nxg3 70.Kxb5 Kd5 71.Ka6 f5
72.b5 Ne4 73.b6 Nc5+  0-1

[Event "Amber Blindfold"]
[Site "Monte Carlo"]
[Date "1999.03.18"]
[Round "3"]
[White "Nikolic, Predrag"]
[Black "Lautier, Joel"]
[Result "1-0"]
[WhiteElo "2633"]
[BlackElo "2596"]

1.d4 Nf6 2.c4 g6 3.Nc3 d5 4.Bf4 Bg7 5.Rc1 O-O 6.e3 c5 7.dxc5 Qa5 8.cxd5 Ne4
9.Ne2 Na6 10.Qa4 Qxa4 11.Nxa4 Bd7 12.c6 bxc6 13.dxc6 Nb4 14.Nd4 Rac8 15.Nc5 Bxc6
16.a3 Nxc5 17.Rxc5 Bxg2 18.Rxc8 Rxc8 19.Bxg2 Nd3+ 20.Kd2 Nxf4 21.Nc6 Nxg2
22.Nxe7+ Kf8 23.Nxc8 Bxb2 24.a4 a5 25.Nb6 Ba3 26.Nd5 Nh4 27.Rb1 Nf3+ 28.Ke2 Ne5
29.f4 Nc6 30.Rb6 Ne7 31.Rb8+ Kg7 32.e4 Nc6 33.Rb6 Nd4+ 34.Kd3 Nf3 35.h3 h5
36.Rb5 Ng1 37.h4 Nf3 38.Rxa5 Nxh4 39.Ke2 g5 40.fxg5 Ng6 41.Rb5 h4 42.a5 Ne5
43.a6 Nc6 44.a7  1-0

[Event "Amber Rapidplay"]
[Site "Monte Carlo"]
[Date "1999.03.18"]
[Round "3"]
[White "Lautier, Joel"]
[Black "Nikolic, Predrag"]
[Result "1-0"]
[WhiteElo "2596"]
[BlackElo "2633"]

1.d4 Nf6 2.c4 e6 3.Nf3 Bb4+ 4.Bd2 c5 5.Bxb4 cxb4 6.g3 b6 7.Bg2 Bb7 8.O-O O-O
9.a3 bxa3 10.Rxa3 Nc6 11.Nc3 Na5 12.Qd3 d5 13.cxd5 Nxd5 14.Nxd5 Bxd5 15.b4 Nb7
16.e4 Bc6 17.Ne5 Be8 18.d5 a5 19.Nc6 Qc7 20.Rc1 Bxc6 21.Rxc6 Qd8 22.dxe6 fxe6
23.Qxd8 Raxd8 24.Rxe6 Rd1+ 25.Bf1 Nd6 26.Rd3 Rxd3 27.Bxd3 Rf6 28.Re7 Rf7
29.Re5 axb4 30.Rd5 Nb7 31.Rb5 Kf8 32.Rxb6 Nc5 33.Rb8+ Ke7 34.Bc2 Na6 35.Rb6 Rf6
36.Rb7+ Kd6 37.f4 Kc5 38.e5 Rc6 39.Rxg7 Kd4 40.Bxh7 Nc5 41.Rg8 Rb6 42.Rd8+ Ke3
43.f5 b3 44.f6 b2 45.Rd1 Ne6 46.f7 Rc6 47.Kf1 Rc1 48.Ke1 Rxd1+ 49.Kxd1 Kd4
50.Kc2 Kxe5 51.Bd3 Kf6 52.Bc4 Nf8 53.Kxb2 Kg7 54.Kc3 Nd7 55.Kd4 Nf6 56.Be6  1-0

[Event "Amber Rapidplay"]
[Site "Monte Carlo"]
[Date "1999.03.21"]
[Round "5"]
[White "Nikolic, Predrag"]
[Black "Karpov, Anatoly"]
[Result "1-0"]
[WhiteElo "2633"]
[BlackElo "2710"]

1.d4 d5 2.c4 dxc4 3.e4 Nf6 4.e5 Nd5 5.Bxc4 Nb6 6.Bb3 Nc6 7.Nf3 Na5 8.e6 Nxb3
9.exf7+ Kxf7 10.Qxb3+ Qd5 11.Qe3 Kg8 12.O-O Qe6 13.Ne5 g6 14.Nd2 Bg7 15.Ndf3 Qd5
16.Qg5 Bf6 17.Qh6 Bf5 18.Bg5 Re8 19.Rfe1 Bg7 20.Qh4 h6 21.Bd2 Nd7 22.Nxd7 Qxd7
23.Qg3 Kh7 24.Bf4 c6 25.Be5 Bf6 26.Re3 Bg4 27.Nd2 Rhf8 28.Rae1 Be6 29.Ne4 Bxe5
30.Qxe5 Bd5 31.Nc5 Qc8 32.Qg3 Rf7 33.Ne6 Qd7 34.h4 Bxe6 35.Rxe6 Rf6 36.R6e5 Kg7
37.R1e4 b6 38.Qe3 Rf7 39.h5 gxh5 40.Re6 Kg8 41.Qxh6 Rh7 42.Qg5+ Rg7 43.Qxh5  1-0

[Event "Amber Blindfold"]
[Site "Monte Carlo"]
[Date "1999.03.23"]
[Round "7"]
[White "Shirov, Alexei"]
[Black "Nikolic, Predrag"]
[Result "1-0"]
[WhiteElo "2726"]
[BlackElo "2633"]

1.e4 d6 2.d4 Nf6 3.Nc3 g6 4.f4 Bg7 5.Nf3 O-O 6.Bd3 Nc6 7.e5 dxe5 8.fxe5 Nh5
9.Be3 Bg4 10.Be2 f6 11.exf6 exf6 12.O-O f5 13.Qd2 f4 14.Bf2 Qd7 15.Rfe1 Rae8
16.Rad1 Kh8 17.d5 Bxf3 18.Bxf3 Ne5 19.Ne4 Qf5 20.Nc5 Nxf3+ 21.gxf3 Rxe1+
22.Rxe1 h6 23.Ne6 Rf7 24.Bxa7 b6 25.c4 Be5 26.c5 bxc5 27.Bxc5 Kh7 28.a4 Ng7
29.Qe2 Bd6 30.Bd4 Bb4 31.Rd1 Re7 32.Bxg7  1-0

[Event "Amber Rapidplay"]
[Site "Monte Carlo"]
[Date "1999.03.23"]
[Round "7"]
[White "Nikolic, Predrag"]
[Black "Shirov, Alexei"]
[Result "0-1"]
[WhiteElo "2633"]
[BlackElo "2726"]

1.d4 Nf6 2.c4 g6 3.Nf3 Bg7 4.g3 O-O 5.Bg2 d6 6.O-O Nc6 7.Nc3 a6 8.b3 Rb8
9.Bb2 b5 10.cxb5 axb5 11.Rc1 b4 12.Na4 Na7 13.Ne1 Bb7 14.Qc2 Bxg2 15.Nxg2 c6
16.e4 Qa5 17.Ne3 Rfc8 18.f4 d5 19.e5 Ne4 20.f5 e6 21.fxe6 fxe6 22.Ng4 Rf8
23.Nf2 Nxf2 24.Rxf2 Bh6 25.Rxf8+ Rxf8 26.Rf1 Qa6 27.Rxf8+ Bxf8 28.Bc1 Nb5
29.Be3 Na3 30.Qd1 Qb7 31.Kg2 c5 32.Qf3 Nc2 33.Bf2 Nxd4 34.Bxd4 cxd4 35.Nb2 Qa6
36.Nd3 Qxa2+ 37.Kh3 Be7 38.Qg4 Kf7 39.Nf4 Qa6 40.Kg2 Qc6 41.Kh3 Qa6 42.Kg2 Qc8
43.Kh3 Qc6 44.Qf3 Ke8 45.Qe2 Kd7 46.Qa2 Bd8 47.Qa7+ Bc7 48.Kg4 Qc2 49.Qa4+ Ke7
50.Qxb4+ Kf7 51.Qb5 Qf5+ 52.Kf3 Qxe5 53.Qd7+ Kf6 54.Qxh7 Qe4+ 55.Kg4 Bxf4
56.Qh8+ Ke7 57.Qg7+ Kd6 58.Qf8+ Kc6 59.Qa8+ Kb6 60.gxf4 d3 61.Qb8+ Kc5 62.Qc7+ Kb4  0-1

[Event "Amber Rapidplay"]
[Site "Monte Carlo"]
[Date "1999.03.24"]
[Round "8"]
[White "Anand, Viswanathan"]
[Black "Nikolic, Predrag"]
[Result "1-0"]
[WhiteElo "2781"]
[BlackElo "2633"]

1.e4 e5 2.Nf3 Nc6 3.Bb5 a6 4.Ba4 Nf6 5.O-O Be7 6.Re1 b5 7.Bb3 O-O 8.c3 d6
9.h3 Be6 10.d4 Bxb3 11.axb3 exd4 12.cxd4 d5 13.e5 Ne4 14.Nc3 f5 15.exf6 Nxf6
16.Bg5 b4 17.Ne2 Ne4 18.Be3 Bd6 19.Qd3 Qc8 20.Ne5 Qb7 21.Nf4 Nxe5 22.dxe5 Bxe5
23.Nxd5 Rfe8 24.Rad1 Qb5 25.Qc2 Nf6 26.Bf4 Bxf4 27.Nxf4 Rxe1+ 28.Rxe1 c6
29.Ne6 Re8 30.Re3 Nd5 31.Re5 Re7 32.Nd4 Qb7 33.Nxc6 Rxe5 34.Nxe5 h6 35.Qc4 Kh8
36.Ng6+ Kh7 37.Qe4 Qc7 38.Ne7+  1-0

[Event "Amber Rapidplay"]
[Site "Monte Carlo"]
[Date "1999.03.26"]
[Round "9"]
[White "Nikolic, Predrag"]
[Black "Kramnik, Vladimir"]
[Result "1/2-1/2"]
[WhiteElo "2633"]
[BlackElo "2751"]

1.d4 Nf6 2.c4 e6 3.Nf3 d5 4.Nc3 c6 5.Qb3 Nbd7 6.Bg5 h6 7.Bh4 Be7 8.e3 O-O
9.Be2 dxc4 10.Qxc4 Nd5 11.Bg3 Nxc3 12.Qxc3 Nf6 13.O-O Ne4 14.Qc2 Nxg3 15.hxg3 Bd7
16.Ne5 Rc8 17.Rfd1 Be8 18.a3 Bd6 19.b4 Qe7 20.Rac1 Bd7 21.Qe4 Rfd8 22.g4 Be8
23.g3 Bc7 24.Bd3 g6 25.Bc4 Kg7 26.Be2  1/2-1/2

[Event "Amber Rapidplay"]
[Site "Monte Carlo"]
[Date "1999.03.27"]
[Round "10"]
[White "Ljubojevic, Ljubomir"]
[Black "Nikolic, Predrag"]
[Result "1/2-1/2"]
[WhiteElo "2571"]
[BlackElo "2633"]

1.d4 f5 2.c4 Nf6 3.g3 e6 4.Bg2 d5 5.Qc2 c6 6.Nh3 Bd6 7.O-O O-O 8.b3 Bd7 9.Ba3 Bxa3
10.Nxa3 Qe7 11.Qb2 Be8 12.Nc2 Nbd7 13.Qa3 Qxa3 14.Nxa3 Bh5 15.Nf4 Rae8 16.Rfe1 Bf7
17.Rac1 g5 18.Nd3 e5 19.cxd5 Bxd5 20.dxe5 Nxe5 21.Bxd5+ Nxd5 22.Nxe5 Rxe5
23.Nc4 Re7 24.a3 f4 25.Nb2 Rfe8 26.Kf1 Kg7 27.Nd3 Rf8 28.Kg2 h5 29.Rc4  1/2-1/2

[Event "Amber Rapidplay"]
[Site "Monte Carlo"]
[Date "1999.03.28"]
[Round "11"]
[White "Nikolic, Predrag"]
[Black "Van Wely, Loek"]
[Result "1/2-1/2"]
[WhiteElo "2633"]
[BlackElo "2632"]

1.d4 Nf6 2.c4 c6 3.Nc3 d5 4.cxd5 cxd5 5.Bf4 Nc6 6.e3 a6 7.Bd3 Bg4 8.Nge2 e6
9.Qb3 Bd6 10.Bxd6 Qxd6 11.Qxb7 O-O 12.Qb3 Rab8 13.Qa3 Nb4 14.O-O e5 15.dxe5 Qxe5
16.Bb1 Bxe2 17.Nxe2 Ng4 18.Ng3 g6 19.Qc3 Rfc8 20.Qxe5 Nxe5 21.a3 Nc2 22.Ra2 d4
23.exd4 Nxd4 24.b4 Nb5 25.Ne4 Nc4 26.Nf6+ Kg7 27.Nd7 Rb7 28.Nc5 Rb6 29.Bd3 Nbxa3
30.Bxc4 Nxc4 31.Nxa6 Ra8 32.Rfa1 Ne5 33.h3 Nc6 34.Ra4 Nd4 35.Nc5 Rxa4 36.Rxa4 Ne2+
37.Kh2 Nc3 38.Ra7 Nd5 39.Nd7 Rxb4 40.Ne5 Rf4  1/2-1/2

[Event "Amber Blindfold"]
[Site "Monte Carlo"]
[Date "1999.03.28"]
[Round "11"]
[White "Van Wely, Loek"]
[Black "Nikolic, Predrag"]
[Result "1/2-1/2"]
[WhiteElo "2632"]
[BlackElo "2633"]

1.d4 d5 2.c4 dxc4 3.e4 Nf6 4.e5 Nd5 5.Bxc4 Nb6 6.Bb3 Bf5 7.Nc3 e6 8.Nge2 Be7
9.O-O Na6 10.Ng3 Bg6 11.d5 Nc5 12.dxe6 fxe6 13.Qg4 Nxb3 14.axb3 Qd7 15.Rd1 Qc6
16.Nge2 O-O 17.Nd4 Qc5 18.Qxe6+ Bf7 19.Qg4 Qxe5 20.Bf4 Qh5 21.Qg3 c5 22.Be5 Bg6
23.Nf3 Rf7 24.Rd2 Raf8 25.Re1 Qf5 26.Bd6 Bxd6 27.Rxd6 Qc2 28.Re2 Qxb3 29.Ne5 Rf6
30.Nxg6 hxg6 31.Rxf6 Rxf6 32.Qb8+ Rf8 33.Qxb7 Qf7 34.Qc6 c4 35.h3 Qf6 36.Qc5 Qf5
37.Qe7 Nd5 38.Qxa7 Qd3 39.Re1 Nxc3 40.bxc3 Qxc3 41.Qe3  1/2-1/2

[Event "Bundesliga 9899"]
[Site "Germany"]
[Date "1999.04.18"]
[Round "15.3"]
[White "Khalifman, Alexander"]
[Black "Nikolic, Predrag"]
[Result "1/2-1/2"]
[WhiteElo "2616"]
[BlackElo "2629"]

1.d4 d5 2.c4 c6 3.Nf3 Nf6 4.Nc3 a6 5.Bg5 Ne4 6.Bf4 Nxc3 7.bxc3 dxc4 8.g3 b5
9.Bg2 Bb7 10.Ne5 e6 11.Rb1 Qc8 12.O-O Nd7 13.e4 Nxe5 14.Bxe5 f6 15.Bf4 Ba3
16.Qh5+ g6 17.Qh6 Qd7 18.Bc1 Bf8 19.Qf4 Be7 20.Qh6 Bf8 21.Qf4 Be7 22.Qh6 Bf8  1/2-1/2

[Event "Lost Boys"]
[Site "Amsterdam"]
[Date "1999.08.14"]
[Round "2"]
[White "Timman, Jan H"]
[Black "Nikolic, Predrag"]
[Result "1/2-1/2"]
[WhiteElo "2650"]
[BlackElo "2641"]

1.e4 e6 2.d4 d5 3.e5 c5 4.c3 Bd7 5.Nf3 Nc6 6.Be2 Nge7 7.O-O Ng6 8.g3 Be7
9.h4 O-O 10.h5 Nh8 11.h6 g6 12.dxc5 f6 13.exf6 Bxc5 14.Bg5 Nf7 15.Bh4 Qc7
16.Qd2 Nce5 17.Nxe5 Qxe5 18.Kh2 Rae8 19.Na3 Bxa3 20.bxa3 Bc6 21.f4 Qd6 22.g4 e5
23.Bg3 Qxf6 24.fxe5 Qe7 25.Bf3 Nxe5 26.Bxd5+ Bxd5 27.Qxd5+ Qe6 28.Rxf8+ Kxf8
29.Rf1+ Kg8 30.Qxe6+ Rxe6 31.Bxe5 Rxe5 32.Kg3 Rc5 33.Rf3 g5 34.a4 Rc6 35.Rf5 Rxc3+
36.Kf2 Rc6 37.Rxg5+ Kh8 38.Ra5 Rxh6 39.Rxa7 Ra6 40.Rxa6 bxa6 41.Ke3  1/2-1/2

[Event "Lost Boys"]
[Site "Amsterdam"]
[Date "1999.08.15"]
[Round "3"]
[White "Nikolic, Predrag"]
[Black "Sokolov, Ivan"]
[Result "1/2-1/2"]
[WhiteElo "2641"]
[BlackElo "2656"]

1.d4 Nf6 2.c4 g6 3.Nc3 d5 4.Bf4 Bg7 5.Rc1 O-O 6.e3 c5 7.dxc5 Be6 8.Nf3 Nc6
9.Be2 Ne4 10.Nd4 Nxd4 11.exd4 Nxc3 12.bxc3 dxc4 13.Qa4 Bd5 14.O-O Qe8 15.Qxe8 Rfxe8
16.Bf3 Bxf3 17.gxf3 b6 18.Rfd1 bxc5 19.dxc5 Rec8 20.Be3 e6 21.Rb1 Bf8 22.Rd7 Bxc5
23.Rbb7 Bxe3 24.fxe3  1/2-1/2

[Event "Lost Boys"]
[Site "Amsterdam"]
[Date "1999.08.16"]
[Round "4"]
[White "Ljubojevic, Ljubomir"]
[Black "Nikolic, Predrag"]
[Result "1/2-1/2"]
[WhiteElo "2570"]
[BlackElo "2641"]

1.d4 d5 2.c4 dxc4 3.e4 e5 4.Nf3 exd4 5.Bxc4 Bb4+ 6.Nbd2 Nc6 7.O-O Nf6 8.e5 Nd5
9.Nb3 Nb6 10.Bb5 Qd5 11.Nfxd4 Bd7 12.Nxc6 Qxb5 13.Nbd4 Qc5 14.Nxb4 Qxb4 15.e6 Bxe6
16.Nxe6 fxe6 17.Qh5+ g6 18.Qe5 O-O-O 19.Qxe6+ Kb8 20.b3 Rhe8 21.Qh3 Qe7 22.Be3 Nd5
23.Rae1 Nxe3 24.Rxe3 Qf7  1/2-1/2

[Event "Lost Boys"]
[Site "Amsterdam"]
[Date "1999.08.20"]
[Round "7"]
[White "Nikolic, Predrag"]
[Black "Reinderman, Dimitri"]
[Result "1-0"]
[WhiteElo "2641"]
[BlackElo "2525"]

1.Nf3 c5 2.c4 Nf6 3.g3 g6 4.Bg2 Bg7 5.O-O O-O 6.d4 cxd4 7.Nxd4 Nc6 8.Nc3 Nxd4
9.Qxd4 d6 10.Qd3 a6 11.Bf4 Nd7 12.Qd2 Rb8 13.Rac1 b5 14.cxb5 axb5 15.Nd5 Bb7
16.b3 Nf6 17.Nb4 Bxg2 18.Kxg2 Qd7 19.f3 Rfc8 20.Rxc8+ Rxc8 21.Rc1 Rxc1 22.Qxc1 Kf8
23.Qc2 Qb7 24.Bd2 Ke8 25.a4 Kd7 26.a5 Qa8 27.Be3 Qxa5 28.Qc6+ Ke6 29.Nd3 g5
30.Bxg5 Kf5 31.Bc1 h5 32.Qc2 Ke6 33.Qc8+ Kd5 34.Nf4+ Kd4 35.e3+ Ke5 36.Bb2+  1-0